Vendet e botës sipas pjesës së flamujve - 2 - Statistics

General Stats
  • This quiz has been taken 15 times
  • The average score is 9 of 16
Answer Stats
Picture Answer % Correct
Brazil
100%
Maqedonia e Veriut
82%
Kroaci
73%
Pakistan
73%
Portugali
73%
Australi
64%
Kinë
64%
Koreja e Jugut
55%
Vatikan
55%
Bjellorusi
45%
Kenia
45%
Malajzi
45%
Meksikë
45%
Danimarkë
36%
Kamboxhia
36%
Ganë
27%
No matching quizzes found
Score Distribution
Percent of People with Each Score
Percentile by Number Answered
Your Score History
You have not taken this quiz